MARC details
| 000 -LEADER |
| fixed length control field |
01307cam a22003491 4500 |
| 001 - CONTROL NUMBER |
| control field |
0000004092 |
| 005 - DATE AND TIME OF LATEST TRANSACTION |
| control field |
20170406115543.0 |
| 008 - FIXED-LENGTH DATA ELEMENTS--GENERAL INFORMATION |
| fixed length control field |
730208t19551952ilu b 000 0 eng |
| 010 ## - LIBRARY OF CONGRESS CONTROL NUMBER |
| LC control number |
55010349 |
| 035 ## - SYSTEM CONTROL NUMBER |
| -- |
(DLC) 55010349 |
| 040 ## - CATALOGING SOURCE |
| Original cataloging agency |
DLC |
| Transcribing agency |
DLC |
| Modifying agency |
DLC |
| -- |
MoSU-L |
| -- |
DLC |
| 043 ## - GEOGRAPHIC AREA CODE |
| Geographic area code |
n-us--- |
| 050 00 - LIBRARY OF CONGRESS CALL NUMBER |
| Classification number |
AC1 |
| Item number |
.G72 vol. 43 |
| 082 00 - DEWEY DECIMAL CLASSIFICATION NUMBER |
| Classification number |
342.73/024 |
| Edition number |
19 |
| 245 04 - TITLE STATEMENT |
| Title |
The Federalist. : |
| Remainder of title |
A commentary on the constitution of the United States / |
| Statement of responsibility, etc. |
by Alexander Hamilton, James Madison [and] John Jay. |
| 260 ## - PUBLICATION, DISTRIBUTION, ETC. |
| Place of publication, distribution, etc. |
New York : |
| Name of publisher, distributor, etc. |
The Morden Library, |
| Date of publication, distribution, etc. |
[1955, c1952] |
| 300 ## - PHYSICAL DESCRIPTION |
| Extent |
622 p. ; |
| Dimensions |
25 cm. |
| 490 0# - SERIES STATEMENT |
| Series statement |
Great books of the Western World ; |
| Volume/sequential designation |
v. 43 |
| 504 ## - BIBLIOGRAPHY, ETC. NOTE |
| Bibliography, etc. note |
Bibliographical footnotes. |
| 650 #0 - SUBJECT ADDED ENTRY--TOPICAL TERM |
| Topical term or geographic name entry element |
Constitutional history |
| Geographic subdivision |
United States |
| General subdivision |
Sources. |
| 650 #0 - SUBJECT ADDED ENTRY--TOPICAL TERM |
| Topical term or geographic name entry element |
Constitutions |
| Geographic subdivision |
United States. |
| 700 12 - ADDED ENTRY--PERSONAL NAME |
| Personal name |
Mill, John Stuart, |
| Dates associated with a name |
1806-1873. |
| Title of a work |
On liberty. |
| 700 12 - ADDED ENTRY--PERSONAL NAME |
| Personal name |
Mill, John Stuart, |
| Dates associated with a name |
1806-1873. |
| Title of a work |
Considerations on representative government. |
| 700 12 - ADDED ENTRY--PERSONAL NAME |
| Personal name |
Mill, John Stuart, |
| Dates associated with a name |
1806-1873. |
| Title of a work |
Utilitarianism. |
| 710 12 - ADDED ENTRY--CORPORATE NAME |
| Corporate name or jurisdiction name as entry element |
United States. |
| Title of a work |
Declaration of Independence. |
| 710 12 - ADDED ENTRY--CORPORATE NAME |
| Corporate name or jurisdiction name as entry element |
United States. |
| Title of a work |
Articles of Confederation. |
| 730 02 - ADDED ENTRY--UNIFORM TITLE |
| Uniform title |
Federalist. |
| 740 0# - ADDED ENTRY--UNCONTROLLED RELATED/ANALYTICAL TITLE |
| Uncontrolled related/analytical title |
On liberty. |
| 740 0# - ADDED ENTRY--UNCONTROLLED RELATED/ANALYTICAL TITLE |
| Uncontrolled related/analytical title |
Representative government. |
| 740 0# - ADDED ENTRY--UNCONTROLLED RELATED/ANALYTICAL TITLE |
| Uncontrolled related/analytical title |
Utilitarianism. |
| 908 ## - PUT COMMAND PARAMETER (RLIN) |
| Put command parameter |
140813 |